Discursos sobre la fe (Registro nro. 5466)

Detalles MARC
000 -CABECERA
Longitud fija campo de control 00818nam a22002411i 4500
001 - NÚMERO DE CONTROL
Número de control bimo0001238795
003 - IDENTIFICADOR DELl NÚMERO DE CONTROL
Identificador del número de control OSt
005 - FECHA Y HORA DE LA ÚLTIMA TRANSACCIÓN
Fecha y hora de la última transacción 20140412105224.0
008 - CÓDIGOS DE INFORMACIÓN DE LONGITUD FIJA
Códigos de información de longitud fija 940725s1981 esp spa
020 ## - NÚMERO INTERNACIONAL NORMALIZADO PARA LIBROS
Número Internacional Normalizado para Libros (ISBN) 84-321-2082-0
040 ## - FUENTE DE LA CATALOGACIÓN
Centro catalogador de origen SpMaBN
Lengua de catalogación spa
Centro transcriptor BMC
082 ## - NÚMERO DE LA CLASIFICACIÓN DECIMAL DEWEY
Númeroo de clasificación 200.252 Juan Enrique Newman
100 1# - PUNTO DE ACCESO PRINCIPAL-NOMBRE DE PERSONA
Nombre de persona Juan Enrique Newman
Títulos y otros términos asociados al nombre Beato
Fechas asociadas al nombre 1801-1890
9 (RLIN) 976
245 10 - MENCIÓN DE TÍTULO
Título Discursos sobre la fe
Mención de responsabilidad, etc. John H. Newman ; introducción, notas y traducción de José Morales
260 0# - PUBLICACIÓN, DISTRIBUCIÓN, ETC. (PIE DE IMPRENTA)
Lugar de publicación, distribución, etc. Madrid
Nombre del editor, distribuidor, etc. Rialp
Fecha de publicación, distribución, etc. 1981
300 ## - DESCRIPCIÓN FÍSICA
Extensión 370 p., 3 h.
Dimensiones 19 cm
490 ## - MENCIÓN DE SERIE
Mención de serie Nebli : clásicos de espiritualidad
Designación de volumen o secuencia 49
594 ## - NOTA AL TÍTULO Y MENCIÓN DE RESPONSABIBLIDAD
Nota Al Título Y Mención De Responsabilidad Traducción de: Discoueses to mixed congregations
600 14 - PUNTO DE ACCESO ADICIONAL DE MATERIA - NOMBRE DE PERSONA
Nombre de persona Juan Enrique Newman
Títulos y otros títulos asociados al nombre (R ) Beato
Fechas asociadas al nombre 1801-1890
9 (RLIN) 976
650 24 - PUNTO DE ACCESO ADICIONAL DE MATERIA - TÉRMINO DE MATERIA
Término de materia o nombre geográfico como elemento inicial Fe
9 (RLIN) 11207
Subdivisión de materia general Sermones
700 1# - PUNTO DE ACCESO ADICIONAL - NOMBRE DE PERSONA
9 (RLIN) 1315
Nombre de persona Morales, José
Forma desarrollada del nombre Morales Marín
942 ## - ENTRADA DE ELEMENTOS AGREGADOS (KOHA)
Fuente de clasificaión o esquema Dewey Decimal Classification
Koha [por defecto] tipo de item 1- Monografias
Existencias
Suprimido Perdido Fuente de clasificación o esquema Estropeado Restricciones de uso No para préstamo Código de colección Localización permanente Localización actual Localización en estanter&íacute;as Fecha adquisición Fuente de adquisición Número de inventario Préstamos totales Signatura completa Código de barras Fecha última consulta Coste, precio reemplazado Fecha del precio de reemplazo Tipo de item de Koha
NULL NULL Dewey Decimal Classification NULL Prestable NULL NULL Biblioteca Miguel de Cervantes - UNICAES Biblioteca Miguel de Cervantes - UNICAES Sala Principal 29/07/2003 Donación - UNAV 009178   200.252 JUA dis 1009178 03/01/2014 25.34 03/01/2014 1- Monografias